10 Dominicanas de letras : (Registro nro. 24211)
[ vista simple ]
| 000 -LEADER | |
|---|---|
| fixed length control field | 01693nam a22002057a 4500 |
| 003 - CONTROL NUMBER IDENTIFIER | |
| control field | DO-CoUTE |
| 005 - DATE AND TIME OF LATEST TRANSACTION | |
| control field | 20260520150025.0 |
| 008 - FIXED-LENGTH DATA ELEMENTS--GENERAL INFORMATION | |
| fixed length control field | 260520b dr ||||| |||| 00| 0 spa d |
| 040 ## - CATALOGING SOURCE | |
| Original cataloging agency | DO-CoUTE |
| Language of cataloging | spa |
| Transcribing agency | DO-CoUTE |
| 082 ## - DEWEY DECIMAL CLASSIFICATION NUMBER | |
| Classification number | RD860.9AN629D |
| 100 1# - MAIN ENTRY--PERSONAL NAME | |
| Personal name | Antigua, Kianny N. |
| Relator term | Autor |
| 245 10 - TITLE STATEMENT | |
| Title | 10 Dominicanas de letras : |
| Remainder of title | Homenaje y Antología / |
| Statement of responsibility, etc. | Kianny N. Antigua |
| 260 ## - PUBLICATION, DISTRIBUTION, ETC. | |
| Place of publication, distribution, etc. | República Dominicana ; |
| Date of publication, distribution, etc. | 2019 |
| 300 ## - PHYSICAL DESCRIPTION | |
| Extent | 140 páginas : |
| Dimensions | 22cm, |
| 504 ## - BIBLIOGRAPHY, ETC. NOTE | |
| Bibliography, etc. note | Incluye referencia bibliográfica e índice.<br/><br/> |
| 520 ## - SUMMARY, ETC. | |
| Summary, etc. | 10 dominicanas de letras. Homenaje & antología es una oda, un aliciente literario. Este texto reúne a diez transcendentales escritoras dominicanas que han residido o residen en el extranjero. Ellas son Camila Henríquez Ureña, Rhina Espaillat, Mélida García, Osiris Mosquea, Josefina Báez, Aurora Arias, Yrene Santos, Marianela Medrano, Rosa Silverio y Sussy Santana. Además de incluir poesía, cuento y microcuento de estas escritoras, el libro también contiene textos literarios, de ficción y anecdóticos que celebran la grandeza, el talento o algún aspecto especial en la vida de estas escritoras. Homenajes escritos por escritores y escritoras también con excelsas trayectorias literarias. Es un privilegio poner en sus manos textos que varían en género, en épocas, corrientes literarias, estilos, motivaciones y temas; textos de y para mujeres de letras que, a través de su talento, de su arte, de su educación, de su persistencia, de su fuerza, de su amor y respeto por la palabra se han convertido en pilares de nuestra literatura. |
| 650 #4 - SUBJECT ADDED ENTRY--TOPICAL TERM | |
| Topical term or geographic name entry element | Homenaje y antologia |
| 700 1# - ADDED ENTRY--PERSONAL NAME | |
| Personal name | Kianny N. Antigua |
| Relator term | Autor |
| 942 ## - ADDED ENTRY ELEMENTS (KOHA) | |
| Source of classification or shelving scheme | Dewey Decimal Classification |
| Koha item type | Libros |
| Withdrawn status | Lost status | Source of classification or shelving scheme | Damaged status | Not for loan | Collection code | Home library | Current library | Shelving location | Date acquired | Inventory number | Total Checkouts | Full call number | Barcode | Date last seen | Copy number | Price effective from | Koha item type |
|---|---|---|---|---|---|---|---|---|---|---|---|---|---|---|---|---|---|
| Dewey Decimal Classification | Colección Dominicana | Biblioteca UTECO | Biblioteca UTECO | En Estantería | 05/20/2026 | 023799 | RD860.9AN629D | 023799 | 05/20/2026 | Ej.1 | 05/20/2026 | Libros |
